Qué es un clásico?
-д хадгалсан:
| Үндсэн зохиолч: | |
|---|---|
| Формат: | Ном |
| Хэл сонгох: | испани |
| Хэвлэсэн: |
Madrid
Casimiro Libros
2011
|
| Нөхцлүүд: | |
| Шошгууд: |
Шошго нэмэх
Шошго байхгүй, Энэхүү баримтыг шошголох эхний хүн болох!
|
MARC
| LEADER | 00000cam a2200000 a 4500 | ||
|---|---|---|---|
| 001 | UCF5559 | ||
| 003 | CL-VaPUC | ||
| 008 | 130318e20110000SP |||||||||||||||||spa|d | ||
| 020 | |a 9788493837587 | ||
| 082 | 0 | 4 | |a 840.09 |b SAI |2 21 |
| 100 | 0 | |a Sainte-Beuve, Charles Augustin |e author |9 567493 | |
| 245 | 1 | 0 | |a Qué es un clásico? |
| 300 | |a 58 p | ||
| 942 | |c BK | ||
| 945 | |d 20130318 00:00:00 |a dcastane | ||
| 260 | |a Madrid |b Casimiro Libros |c 2011 | ||
| 650 | 0 | |a Literatura francesa |9 266330 | |
| 650 | 0 | |a Escritores franceses |9 450149 | |
| 650 | 0 | |a Historia y crítica |9 257407 | |
| 583 | |a last modification |c 20130318 11:20:00 |k Rodrigo Vera | ||
| 999 | |c 351057 |d 351055 | ||
| 952 | |0 0 |1 0 |4 0 |6 840_090000000000000_SAI_2011 |7 0 |8 A |9 454930 |a BIBART |b BIBART |d 2019-11-22 |i 4954823 |o 840.09 SAI 2011 |p 4954823 |r 2025-03-13 |w 2019-11-22 |y BK |k ART | ||